| 000 | 00710nam a2200205 4500 | ||
|---|---|---|---|
| 008 | 160723b xxu||||| |||| 00| 0 eng d | ||
| 020 | _a0071244956 | ||
| 082 |
_22006 _aDC 613.71 _bW95f |
||
| 100 |
_911781 _aWuest, Deborah A. |
||
| 245 |
_aFoundations of physical education, exercise science, and sport/ _cDeborah A. Wuest and Charles A. Bucher. |
||
| 250 | _a15th edition | ||
| 260 |
_aBoston: _bMcGraw-Hill, _cc2006. |
||
| 300 |
_axv, 583 pages: _billustrations; _c24 cm. |
||
| 500 | _aIncludes bibliographical references and index. | ||
| 650 | 0 |
_911783 _aPhysical education |
|
| 650 | 0 |
_911785 _aSports |
|
| 700 |
_911786 _aBucher, Charles A. _eAuthor |
||
| 365 |
_aPhp _b2287.00 |
||
| 942 |
_2ddc _cDC |
||
| 999 |
_c3537 _d3537 |
||